Countries with the most letters of the alphabet - Statistics

General Stats
  • This quiz has been taken 27 times
  • The average score is 10 of 18
Answer Stats
# Answer % Correct
10 United Kingdom
92%
17 Democratic Republic of the Congo
84%
11 United Arab Emirates
80%
12 Central African Republic
72%
14 Republic of the Congo
72%
12 Saint Vincent and the Grenadines
72%
13 Dominican Republic
68%
13 Federated States of Micronesia
68%
13 Bosnia and Herzegovina
60%
12 São Tomé and Príncipe
56%
11 Equatorial Guinea
52%
10 South Africa
52%
10 Turkmenistan
44%
10 Burkina Faso
40%
10 Czech Republic
36%
11 North Macedonia
36%
10 Uzbekistan
36%
11 Switzerland
28%
No matching quizzes found
Score Distribution
Percent of People with Each Score
Percentile by Number Answered
Your Score History
You have not taken this quiz